000 00525nam a2200181Ia 4500
008 151213s9999 xx 000 0 und d
020 _a0-07-253676-4
082 _a659.1
_b659.1
100 _aGeorge E.Belch & Michael A.Belch
245 _aAdvertising & Promotion
_cGeorge E.Belch & Michael A.Belch
250 _a6th
260 _aNew Delhi
_bTata McGrawHill Publishing Com.Ltd.
_c2004
300 _a10574 p.
650 _aMarketing
650 _aMarketing
700 _aGeorge E.Belch & Michael A.Belch
999 _c4864
_d4864